[Event "SLO-chT1 East 29th"]
[Site "Slovenia"]
[Date "2019.10.18"]
[Round "7.2"]
[White "Pavic, Filip"]
[Black "Kos, Igor"]
[Result "1-0"]
[WhiteElo "2248"]
[BlackElo "1991"]
[PlyCount "51"]
[EventDate "2019.09.06"]
[EventType "team-tourn"]
[EventRounds "9"]
[EventCountry "SLO"]
[SourceTitle "CBM 192 Extra"]
[Source "Chessbase"]
[SourceDate "2019.11.06"]
[SourceVersion "1"]
[SourceVersionDate "2019.11.06"]
[SourceQuality "1"]
[WhiteTeam "Zalec"]
[BlackTeam "Pomgrad Radenska II"]
[WhiteTeamCountry "SLO"]
[BlackTeamCountry "SLO"]

1. e4 e5 2. Nf3 Nc6 3. Bb5 a6 4. Ba4 Nf6 5. 0-0 Be7 6. d4 b5 7. dxe5 Nxe4 8. Bb3 Nc5 9. Bd5 Bb7 10. Bf4 Rb8 11. Nc3 0-0 12. Ne4 Ne6 13. Bg3 Na5 14. Bxb7 Nxb7 15. Nd4 Nbc5 16. Re1 Nxd4 17. Qxd4 Ne6 18. Qd5 c6 19. Qd2 Rb7 20. Rad1 Qb6 21. Re3 h5 22. h3 h4 23. Bh2 f5 24. exf6 Bxf6 25. Bd6 Bd4 26. Rd3 1-0